| 000 | 00512nam a22001577a 4500 | ||
|---|---|---|---|
| 003 | OSt | ||
| 005 | 20140310183108.0 | ||
| 008 | 130305t xxu||||| |||| 00| 0 eng d | ||
| 020 | _a9789712720918 | ||
| 050 |
_aAS 911.R39 _b.G786 2008 |
||
| 245 |
_aGreat men and women of Asia : _bRamon Magsaysay awardees, 2006-2007 and awardee organizations, 1958-2006 / _cedited by Lorna Kalaw-Tirol |
||
| 260 |
_aPasig City : _bAnvil, _c2008. |
||
| 300 |
_a318 p. : _c23 cm. _bill. ; |
||
| 942 |
_2lcc _cBK _kFLIR |
||
| 999 |
_c18809 _d18809 |
||